000 01478nam a2200385 c 4500
003 BLK
005 20180422111839.0
008 180409b bul|||||r ||||||| ||bul||
010 _aKNG00140818000
040 _aBLK
041 _aBUL
_cBUL
080 _aКораби с платна
_b629.123.1
_x(02.062)
_z629.123.1(02.062)
100 1 _aМардешич, Петър
_eпърви автор
_992587
700 1 _aЕмур
_eил.
_967181
700 1 _aРачев, Владимир
_eпрев. от сръб.
_9324551
700 1 _aПавлов, Любомир
_eред.
_9377608
139 _aМардешич, Петър
_bМ 29
245 1 0 _aКорабите през вековете
_cПетър Мардешич; ил. Емур; прев. от сръб. Владимир Рачев; ред. Любомир Павлов.
257 _aYUG
260 София
_bНар. култура
_c1962
_fBeograd : Radisa Timotic
300 _a28 с.
_bс ил.
_c25 см
380 _a62
650 4 _aКораби
_9159349
650 4 _aКорабоплаване
_9159415
653 _aкораби
653 _aистория
653 _aкорабоплаване
653 _aлитература за деца
653 _aдетска литература
852 _aЦб 246849
856 4 _qpdf
_u
856 4 _qpdf
_u
942 _cKNG
_n0
944 _aCR
_c14.03.2013
_l14.03.2013 - от С1,Р / 14.03.2013
_kСевдалина_Василева
944 _aED
_c14.03.2013
_l14.03.2013 - от С1,Р / 14.03.2013
_k
999 _c134898
_d134898